| 000 | 01396nam2a22003011 4500 | ||
|---|---|---|---|
| 001 | rc\4922155 | ||
| 005 | 20250612204104.0 | ||
| 035 | _a(NLR Aleph) 008841807 | ||
| 090 |
_a8347744 _c8347744 |
||
| 100 | _a20130426d1969 |||y0rusy50 ca | ||
| 101 | 0 | _arus | |
| 102 | _aRU | ||
| 105 | _aa z ||||| | ||
| 200 | 0 |
_aВып. 2 _f[Исполнители: Хмелева Н.В., Никифоров Л.Г., Самойлова А.А. и др.] _gПод ред. проф. Н.И. Маккавеева |
|
| 210 |
_d1969 _aБ. м. |
||
| 215 |
_a178 с. _cил. |
||
| 300 | _aС Вып. 3 (1978) хранится в актуальном фонде, шифр: П19/260. См. каталог периодических изданий | ||
| 320 | _aБиблиогр. в конце разделов | ||
| 461 | 0 |
_1001rc\4922153 _12001#$aЭкспериментальная геоморфология$e[Вып. 1]-$vВып. 2 _98347734 _cМосква _d1961- _nИзд-во Моск. ун-та _o[Вып. 1]- _tЭкспериментальная геоморфология _vВып. 2 |
|
| 702 | 1 |
_aСамойлова _bА.А. _4570 |
|
| 702 | 1 |
_aМаккавеев _bН.И. _gНиколай Иванович _4340 |
|
| 702 | 1 |
_aНикифоров _bЛ.Г. _4570 |
|
| 702 | 1 |
_aХмелева _bН.В. _4570 |
|
| 801 | 0 |
_aRU _bNLR _gpsbo |
|
| 801 | 1 |
_aRU _bELAR _2rusmarc |
|
| 852 |
_aNLR _j61-5/4989 |
||
| 942 | _cBOOK | ||
| 980 | _aNB | ||